ARRUPE JESUIT UNIVERSITY

CORONAVIRUS -STOP THE SPREAD - CLEAN,DISINFECT,COVER
Normal view MARC view

Entry Personal Name

Number of records used in: 1

001 - CONTROL NUMBER

  • control field: 21374

003 - CONTROL NUMBER IDENTIFIER

  • control field: ARRUPE

005 - DATE AND TIME OF LATEST TRANSACTION

  • control field: 20151217093227.0

008 - FIXED-LENGTH DATA ELEMENTS

  • fixed length control field: 151217|| aca||aabn | a|a d

040 ## - CATALOGING SOURCE

  • Original cataloging agency: ARRUPE
  • Transcribing agency: ARRUPE

100 ## - HEADING--PERSONAL NAME

  • Personal name: Oduho Gedion Ophetek'Moi, Alfred

670 ## - SOURCE DATA FOUND

  • Source citation: Work cat.: (ARRUPE): Oduho Gedion Ophetek'Moi, Alfred, The Plantatio Ecclesiae Theory of mission:, 2007

 

Arrupe Library. PO Box MP320 Mt Pleasant, Harare, Zimbabwe
263 242 745411|librarian@aju.ac.zw